Connecting government: whole of government responses to Australian priority challenges (Record no. 478269)

000 -LEADER
fixed length control field 00523cam a22001337a 4500
008 - FIXED-LENGTH DATA ELEMENTS--GENERAL INFORMATION
fixed length control field 180718b2004 xxu||||| |||| 00| 0 eng d
082 ## - DEWEY DECIMAL CLASSIFICATION NUMBER
Classification number K12x94 C762
245 ## - TITLE STATEMENT
Title Connecting government: whole of government responses to Australian priority challenges
Statement of responsibility, etc. by Commonwealth of Australia
260 ## - PUBLICATION, DISTRIBUTION, ETC.
Place of publication, distribution, etc. Canberra
Name of publisher, distributor, etc. Department of Communications, Information Technology and the Arts
Date of publication, distribution, etc. 2004
300 ## - PHYSICAL DESCRIPTION
Extent 254p.
440 ## - SERIES STATEMENT/ADDED ENTRY--TITLE
Title Management Advisory Committee, 4
650 ## - SUBJECT ADDED ENTRY--TOPICAL TERM
Topical term or geographic name entry element Civil service - Australia
700 ## - ADDED ENTRY--PERSONAL NAME
Personal name Commonwealth of Australia
Holdings
Withdrawn status Lost status Damaged status Not for loan Permanent Location Current Location Date acquired Full call number Barcode Date last seen Price effective from Koha item type
        Indian Institute of Public Administration Indian Institute of Public Administration 2018-08-04 K12x94 C762 GG27677 2018-08-04 2018-08-04 GG

Powered by Koha